Ochrana predmetov duševného vlastníctva
Spôsoby ochrany predmetov duševného vlastníctva. Utajenie v zmysle platných právnych noriem, zákon č. 100/1996 Z.z. o ochrane štátneho tajomstva. Utajovanie nehmotných a hmotných statkov. Priemyselná a osobná špionáž.
Enregistré dans:
| Auteur principal: | |
|---|---|
| Format: | Chapitre de livre |
| Langue: | slovaque |
| Sujets: | |
| Tags: |
Pas de tags, Soyez le premier à ajouter un tag!
|
MARC
| LEADER | 00000naa a2200000 4500 | ||
|---|---|---|---|
| 001 | r033757 | ||
| 005 | 20230825081116.5 | ||
| 041 | 0 | |a slo | |
| 044 | |a SK | ||
| 245 | 1 | 0 | |a Ochrana predmetov duševného vlastníctva |c Stanislav Vyparina |
| 520 | |a Spôsoby ochrany predmetov duševného vlastníctva. Utajenie v zmysle platných právnych noriem, zákon č. 100/1996 Z.z. o ochrane štátneho tajomstva. Utajovanie nehmotných a hmotných statkov. Priemyselná a osobná špionáž. | ||
| 610 | 2 | 0 | |a ochrana autorstva |
| 610 | 2 | 0 | |a vlastníctvo duševné |
| 610 | 2 | 0 | |a konkurencia |
| 610 | 2 | 0 | |a tajomstvo obchodné |
| 610 | 2 | 0 | |a špionáž priemyselná |
| 610 | 2 | 0 | |a legislatíva |
| 610 | 2 | 0 | |a právo obchodné |
| 610 | 2 | 0 | |a zákony |
| 100 | 1 | |a Vyparina, Stanislav | |